إطار مقترح لتطوير البرامج التدريبية بمعاهد التدريب المركزية بالتطبيق على معهد الإدارة العامة بالمملكة العربية السعودية / (رقم التسجيلة. 8066)

تفاصيل مارك
000 -LEADER
fixed length control field 00799nam a22001937a 4500
005 - DATE AND TIME OF LATEST TRANSACTION
control field 20251108164255.0
008 - FIXED-LENGTH DATA ELEMENTS--GENERAL INFORMATION
fixed length control field 250721s1986 xx 000 0 ara d
082 14 - DEWEY DECIMAL CLASSIFICATION NUMBER
Classification number 351.15095661/سعد
100 1# - MAIN ENTRY--PERSONAL NAME
Personal name الجبالي، سعد أحمد
245 10 - TITLE STATEMENT
Title إطار مقترح لتطوير البرامج التدريبية بمعاهد التدريب المركزية بالتطبيق على معهد الإدارة العامة بالمملكة العربية السعودية /
264 1# - PRODUCTION, PUBLICATION, DISTRIBUTION, MANUFACTURE, AND COPYRIGHT NOTICE
Place of production, publication, distribution, manufacture الرياض :
Name of producer, publisher, distributor, manufacturer المنظمة العربية للعلوم الإدارية،
Date of production, publication, distribution, manufacture, or copyright notice 1986.
300 ## - PHYSICAL DESCRIPTION
Extent 110ص
490 0# - SERIES STATEMENT
Series statement البحوث والدراسات
650 17 - SUBJECT ADDED ENTRY--TOPICAL TERM
Topical term or geographic name as entry element الإدارة العامة
650 17 - SUBJECT ADDED ENTRY--TOPICAL TERM
Topical term or geographic name as entry element السعودية
650 17 - SUBJECT ADDED ENTRY--TOPICAL TERM
Topical term or geographic name as entry element تدريب الموظفين
942 ## - ADDED ENTRY ELEMENTS (KOHA)
Source of classification or shelving scheme Dewey Decimal Classification
Koha item type كتب
المقتنيات
حالة السحب حالة الفقدان مصدر التصنيف حالة التلف غير قابل للإعارة المكتبة الرئيسية المكتبة الحالية موقع الرف تاريخ التزويد الرقم المتسلسل Total Checkouts رقم الإستدعاء تاريخ آخر ظهور تاريخ الفاتورة نوع المادة (كوها)
    Dewey Decimal Classification Unchecked   مكتبة الاميرة بديعة مكتبة الاميرة بديعة الإعارة 06/07/2004 4702   351.15095661/سعد 28/07/2025 06/07/2004 كتب
    Dewey Decimal Classification Unchecked   مكتبة النصر العامة مكتبة النصر العامة الإعارة 06/07/2004 7069   351.15095661/سعد 28/07/2025 06/07/2004 كتب
    Dewey Decimal Classification Unchecked   مكتبة صويلح العامة مكتبة صويلح العامة الإعارة 06/07/2004 10108   351.15095661/سعد 28/07/2025 06/07/2004 كتب
Implemented & Customized by: BBB with SCIT (Smart Chains for Information Technology)

Powered by Koha